Open Data Biblioteca Nacional de Portugal


República Portuguesa: Ministério da Cultura
Biblioteca Nacional de Portugal

Catálogo da BNP: acesso por Identificadores Unívocos
Registos Bibliográficos associados ao registo de autoridade

Etiqueta de registo: 00000nam 2200025 450
001 2280613
003 http://id.bnportugal.gov.pt/bib/catbnp/2280613
100 ## $a20260316d2025 k y0pory01030103ba
101 0# $aspa$dpor
102 ## $aPT
105 ## $aa m 000yy
106 ## $ar
200 1# $aSi no escuchan nuestra voz tendrán que vernos$eartistas feministas contra la violencia feminicida$fGabriela Coronado Téllez$gorient. Mário Caneva de Magalhães Moutinho
210 #9 $aLisboa$c[s.n.],$d2025
215 ## $a287, 17, [25] p.$cil.$d30 cm
328 #1 $aTese dout. Museologia, Universidade Lusófona - Centro Universitário de Lisboa, 2025
675 ## $a069(043)$vBN$zpor$3543771
675 ## $a73/75.04"2017/2024"(043)$vBN$zpor$31995808
675 ## $a305-055.2"2017/2024"(043)$vBN$zpor$31995810
700 #1 $aCoronado Téllez,$bGabriela$31991613
702 #1 $aMoutinho,$bMário Caneva,$f1946-$4727$3112131
801 #0 $aPT$bBN$gRPC
966 ## $lBN$mFGMON$sP. 72522 V.$x1
971 ## $corlando$d20260316
972 ## $e0$z0$d20260422$vlrevez
973 ## $ctrodrigues$d20260415

OpendataBNP@bnportugal.pt | Mais informação sobre acesso aos dados BNP